| 000 | 01146nmm a2200325 a 4500 | ||
|---|---|---|---|
| 001 | ocm0002146269 | ||
| 003 | TR-IsHL | ||
| 005 | 20201028182451.0 | ||
| 008 | 190202s2014 tu tur | ||
| 007 | cr cn | ||
| 020 | _a9786051510811 | ||
| 035 |
_a2146269 _b(N$T) |
||
| 050 | 0 | 4 |
_aBF503 _b.I85 2014 |
| 090 | 0 | 4 |
_aBF503 _b.I85 2014 |
| 100 | 1 | _aİşlek, Mustafa | |
| 245 | 1 | 0 |
_aAnadolu bilgelerinin aydınlığında çözüm odaklı koçluk _h[electronic resource] / _cMustafa İşlek ; Zafer Şarlayan ; editör Erol Şahnacı |
| 260 |
_aİstanbul : _bHayat Yayınları, _c2014 |
||
| 300 | _a207 p. | ||
| 500 | _aKaynakça var. | ||
| 650 | 4 | _aFelsefe, Psikoloji ve Din | |
| 650 | 4 | _aPhilosophy, Psychology and Religion | |
| 650 | 0 | _aMotivasyon (Psikoloji) | |
| 650 | 0 | _aMotivation (Psychology) | |
| 650 | 0 |
_aBaşarı _x Psikolojik açıdan |
|
| 650 | 0 |
_aSuccess _x Psychological aspects |
|
| 650 | 7 |
_aSELF-HELP / Motivational & Inspirational _2bisacsh |
|
| 700 | 1 | _aŞarlayan, Zafer | |
| 700 | 1 | _aŞahnacı, Erol | |
| 856 | 4 | 0 | _uhttp://search.ebscohost.com/login.aspx?direct=true&scope=site&db=e011xww&AN=2146269 |
| 999 |
_c20082 _d20082 |
||